Normal view
MARC view
- John L Hennessy
Entry Personal Name
001 - CONTROL NUMBER
- control field: 124689
003 - CONTROL NUMBER IDENTIFIER
- control field: NUST
005 - DATE AND TIME OF LATEST TRANSACTION
- control field: 20240721165551.0
008 - FIXED-LENGTH DATA ELEMENTS
- fixed length control field: 240721|| aca||aabn | a|a d
040 ## - CATALOGING SOURCE
- Original cataloging agency: NUST
- Transcribing agency: NUST
100 ## - HEADING--PERSONAL NAME
- Personal name: John L Hennessy
670 ## - SOURCE DATA FOUND
- Source citation: Work cat.: (NUST): John L Hennessy, Computer Architecture, 2003.
